[Event "POL-chT3 Wielkopolska 1112"]
[Site "Poland"]
[Date "2012.??.??"]
[Round "11.36"]
[White "Magnucka, Arleta"]
[Black "Ryszkiewicz, Barbara"]
[Result "1-0"]
[WhiteElo "1875"]
[BlackElo "1690"]
[PlyCount "81"]
[EventDate "2011.11.27"]
[EventType "team-tourn"]
[EventRounds "11"]
[EventCountry "POL"]
[SourceTitle "EXT 2014"]
[Source "ChessBase"]
[SourceDate "2013.11.20"]
[SourceVersion "1"]
[SourceVersionDate "2013.11.20"]
[SourceQuality "1"]
[WhiteTeam "Steszew Lipno"]
[BlackTeam "Witkowo Jurand"]
[WhiteTeamCountry "POL"]
[BlackTeamCountry "POL"]

1. e4 e5 2. Nf3 Nc6 3. d4 d5 4. Bb5 Bd7 5. exd5 Nxd4 6. Nxd4 exd4 7. Bxd7+ Qxd7 8. Qxd4 Nf6 9. Nc3 Bd6 10. 0-0 0-0 11. h3 a6 12. Be3 Rae8 13. Rfd1 b6 14. Qd3 Qc8 15. Ne2 Ne4 16. c4 Qf5 17. Rab1 Qh5 18. Nd4 Nf6 19. Qf5 Re4 20. Qxh5 Nxh5 21. Rbc1 Rfe8 22. a3 Be5 23. b4 Bf4 24. Bxf4 Nxf4 25. Kf1 Ng6 26. g3 Ne7 27. Nf3 f6 28. Re1 Rxe1+ 29. Rxe1 Kf7 30. Nd4 Rd8 31. Rxe7+ Kxe7 32. Nc6+ Kd7 33. Nxd8 Kxd8 34. Ke2 Kd7 35. Kd3 g6 36. c5 b5 37. Ke4 h6 38. h4 c6 39. dxc6+ Kxc6 40. h5 f5+ 41. Ke5 1-0

[Event "POL-chT3 Wielkopolska 1112"]
[Site "Poland"]
[Date "2012.??.??"]
[Round "7.30"]
[White "Piechota, Izabela"]
[Black "Ryszkiewicz, Barbara"]
[Result "1-0"]
[WhiteElo "1757"]
[BlackElo "1690"]
[PlyCount "65"]
[EventDate "2011.11.27"]
[EventType "team-tourn"]
[EventRounds "11"]
[EventCountry "POL"]
[SourceTitle "EXT 2014"]
[Source "ChessBase"]
[SourceDate "2013.11.20"]
[SourceVersion "1"]
[SourceVersionDate "2013.11.20"]
[SourceQuality "1"]
[WhiteTeam "Szamotuly Baszta"]
[BlackTeam "Witkowo Jurand"]
[WhiteTeamCountry "POL"]
[BlackTeamCountry "POL"]

1. e4 e5 2. f4 Nc6 3. Nf3 exf4 4. Bc4 Be7 5. 0-0 Nf6 6. d3 0-0 7. Bxf4 Ng4 8. h3 Nf6 9. Nc3 d5 10. Nxd5 Nxd5 11. Bxd5 Nb4 12. Bb3 Nc6 13. c3 Na5 14. Bc2 c5 15. Qe1 b5 16. Qg3 g6 17. Bc7 Qd7 18. Bxa5 b4 19. cxb4 cxb4 20. Qc7 Qb5 21. Kh1 Bf6 22. a4 Qh5 23. Bxb4 Rd8 24. Bb3 Rd7 25. Qc6 Rd8 26. Qxf6 Be6 27. Bxe6 fxe6 28. Qxe6+ Kg7 29. Bc3+ Kh6 30. Ne5 Qe2 31. Nf7+ Kh5 32. Qe5+ Kh4 33. Qg5# 1-0

[Event "POL-chT3 Wielkopolska 1112"]
[Site "Poland"]
[Date "2012.??.??"]
[Round "4.18"]
[White "Ryszkiewicz, Barbara"]
[Black "Markowska, Maria"]
[Result "0-1"]
[WhiteElo "1690"]
[BlackElo "1746"]
[PlyCount "80"]
[EventDate "2011.11.27"]
[EventType "team-tourn"]
[EventRounds "11"]
[EventCountry "POL"]
[SourceTitle "EXT 2014"]
[Source "ChessBase"]
[SourceDate "2013.11.20"]
[SourceVersion "1"]
[SourceVersionDate "2013.11.20"]
[SourceQuality "1"]
[WhiteTeam "Witkowo Jurand"]
[BlackTeam "Rawicz Korona Rawbud"]
[WhiteTeamCountry "POL"]
[BlackTeamCountry "POL"]

1. e4 e6 2. d4 d5 3. e5 c5 4. Be3 Nc6 5. Nf3 Qb6 6. b3 cxd4 7. Bxd4 Nxd4 8. Nxd4 Bc5 9. c3 Ne7 10. Bb5+ Kf8 11. a4 Bxd4 12. Qxd4 Qxd4 13. cxd4 Nf5 14. Nd2 Nxd4 15. Bd3 Nc6 16. Nf3 Nb4 17. Kd2 Bd7 18. Rac1 Ke7 19. Nd4 Nc6 20. Nxc6+ Bxc6 21. h4 f6 22. Rhe1 h6 23. a5 a6 24. Bg6 Rhf8 25. f3 Rac8 26. Rc3 Bb5 27. Rec1 Rxc3 28. Rxc3 Bc6 29. Re3 fxe5 30. Rxe5 Kf6 31. Re3 Kxg6 32. Rxe6+ Kh5 33. b4 Kxh4 34. Ke3 Rf6 35. Re5 Kg3 36. Re7 g5 37. Kd4 Kxg2 38. Rh7 Rf4+ 39. Ke5 Kxf3 40. Rxh6 d4 0-1

[Event "POL-chT IV GrB"]
[Site "Konin"]
[Date "2011.03.13"]
[Round "5"]
[White "Ryszkiewicz, Barbara"]
[Black "Bukwa, Karolina"]
[Result "0-1"]
[WhiteElo "1709"]
[BlackElo "1838"]
[PlyCount "106"]
[EventDate "2011.01.23"]
[EventType "team-tourn"]
[EventRounds "9"]
[EventCountry "POL"]
[SourceTitle "EXT 2019"]
[Source "ChessBase"]
[SourceDate "2018.10.10"]
[SourceVersion "1"]
[SourceVersionDate "2018.10.10"]
[SourceQuality "1"]
[WhiteTeam "Witkowo Jurand"]
[BlackTeam "Nowe Skalmierzyce Pogon"]
[WhiteTeamCountry "POL"]
[BlackTeamCountry "POL"]

1. e4 d5 2. e5 e6 3. d4 Nd7 4. Nf3 c5 5. Be3 Ne7 6. Bd3 cxd4 7. Bxd4 Nc6 8. Bc3 Bc5 9. Qe2 Qc7 10. Bb5 a6 11. Bxc6 Qxc6 12. 0-0 0-0 13. Nbd2 b5 14. a3 Bb7 15. Bd4 Be7 16. Nb3 a5 17. c3 a4 18. Nbd2 Ba6 19. Qe3 b4 20. Rfc1 bxa3 21. bxa3 Rab8 22. h3 Rb2 23. Ne1 Nc5 24. Nc2 Nb3 25. Nxb3 Rxb3 26. Nb4 Qb7 27. Qd2 Rc8 28. Kh2 Bc4 29. f4 Bc5 30. Qf2 Bxd4 31. Qxd4 Bb5 32. Rc2 Rc4 33. Qd2 h6 34. f5 Qb8 35. Re1 Qc7 36. fxe6 fxe6 37. Nxd5 Qc5 38. Nf4 Qc6 39. Qd8+ Kh7 40. Qe7 Rxf4 41. Re3 Qe8 42. Qd6 Qd7 43. Rd2 Rf7 44. Rd4 Qc8 45. Rb4 Qc6 46. Qd4 Rf2 47. Rg3 Re2 48. Qg4 g5 49. Rf4 Rxc3 50. Rf7+ Kg6 51. Rf6+ Kg7 52. Rxe6 Rxg3 53. Kxg3 Qxg2# 0-1

[Event "POL-chT IV GrB"]
[Site "Konin"]
[Date "2011.01.23"]
[Round "1"]
[White "Momot, Weronika"]
[Black "Ryszkiewicz, Barbara"]
[Result "1/2-1/2"]
[WhiteElo "1449"]
[BlackElo "1709"]
[PlyCount "84"]
[EventDate "2011.01.23"]
[EventType "team-tourn"]
[EventRounds "9"]
[EventCountry "POL"]
[SourceTitle "EXT 2019"]
[Source "ChessBase"]
[SourceDate "2018.10.10"]
[SourceVersion "1"]
[SourceVersionDate "2018.10.10"]
[SourceQuality "1"]
[WhiteTeam "Konin UKS Smecz"]
[BlackTeam "Witkowo Jurand"]
[WhiteTeamCountry "POL"]
[BlackTeamCountry "POL"]

1. c4 e5 2. Nc3 Nf6 3. g3 Nc6 4. Bg2 d6 5. Nf3 Be7 6. d3 Be6 7. Bd2 0-0 8. 0-0 Rb8 9. e3 Bg4 10. Qc2 Bh5 11. Rab1 Nb4 12. Qa4 Nxd3 13. Ne1 Bg6 14. Qd1 Nxe1 15. Rxe1 Bxb1 16. Qxb1 c6 17. Rd1 Qd7 18. Ne4 h6 19. Nxf6+ Bxf6 20. Bb4 Be7 21. Bc3 Qe6 22. b3 Rbd8 23. Be4 f5 24. Bg2 Kh8 25. Qb2 Bf6 26. Bb4 Be7 27. Bc3 Rf7 28. Qe2 f4 29. exf4 Bf6 30. fxe5 dxe5 31. Rxd8+ Bxd8 32. f4 Qf5 33. Be4 Qe6 34. Bxe5 Bf6 35. Qd3 Re7 36. Qf3 Bxe5 37. fxe5 Rf7 38. Qd3 Re7 39. Bg6 Qd7 40. Qf3 Qd8 41. Qf5 Qg8 42. g4 Qd8 1/2-1/2